书目信息 |
| 题名: |
城市人工水体的气象效应与局地环境变化
|
|
| 作者: | 钟中 , 张耀存 编著 | |
| 分册: | ||
| 出版信息: | 北京 科学出版社 2008.06 |
|
| 页数: | 146页 | |
| 开本: | 24cm | |
| 丛书名: | 城市人工水体建设丛书 | |
| 单 册: | ||
| 中图分类: | P942.611.78 | |
| 科图分类: | ||
| 主题词: | 人工湖--ren gong hu--研究 | |
| 电子资源: | ||
| ISBN: | 978-7-03-021691-5 | |
| 000 | 01073nam 2200277 450 | |
| 001 | 012009845418 | |
| 005 | 20090430090821.65 | |
| 010 | @a978-7-03-021691-5@dCNY35.00 | |
| 100 | @a20090430d2008 em y0chi0120 ea | |
| 101 | 0 | @achi |
| 102 | @aCN@b110000 | |
| 105 | @aa a 000yy | |
| 106 | @ar | |
| 200 | 1 | @a城市人工水体的气象效应与局地环境变化@Acheng shi ren gong shui ti de qi xiang xiao ying yu ju di huan jing bian hua@f钟中, 张耀存编著@Fzhong zhong,zhang yao cun bian zhu |
| 210 | @a北京@c科学出版社@d2008.06 | |
| 215 | @a146页@c图@d24cm | |
| 225 | 2 | @a城市人工水体建设丛书@Acheng shi ren gong shui ti jian she cong shu |
| 320 | @a有书目 (第144-146页) | |
| 330 | @a本书是有限域水体气象效应与局地环境变化研究成果的系统介绍,为郑东新区规划提供科学依据。内容包括:水体气象效应观测研究等。 | |
| 410 | 0 | @12001 @a城市人工水体建设丛书 |
| 606 | 0 | @a人工湖@Aren gong hu@x研究 |
| 690 | @aP942.611.78@v4 | |
| 701 | 0 | @a钟中@Azhong zhong@4编著 |
| 701 | 0 | @a张耀存@Azhang yao cun@4编著 |
| 801 | 0 | @aCN@bQSSK@c20090430 |
| 905 | @b741234-36@dP942.611.78@eZ734@f3 | |
| 城市人工水体的气象效应与局地环境变化/钟中, 张耀存编著.-北京:科学出版社,2008.06 |
| 146页:图;24cm.-(城市人工水体建设丛书) |
| ISBN 978-7-03-021691-5:CNY35.00 |
| 本书是有限域水体气象效应与局地环境变化研究成果的系统介绍,为郑东新区规划提供科学依据。内容包括:水体气象效应观测研究等。 |
| ● |
| 相关链接 |
|
|
|
正题名:城市人工水体的气象效应与局地环境变化
索取号:P942.611.78/Z734
 
预约/预借
| 序号 | 登录号 | 条形码 | 馆藏地/架位号 | 状态 | 备注 |
| 1 | 741234 | 207412343 | 自科库401/401自科库 136排1列5层/ [索取号:P942.611.78/Z734] | 在馆 | |
| 2 | 741235 | 207412352 | 期刊室512/401自科库 133排1列2层/ [索取号:P942.611.78/Z734] | 在馆 | |
| 3 | 741236 | 207412361 | 期刊室512/401自科库 133排1列2层/ [索取号:P942.611.78/Z734] | 在馆 |